[Event "Marianske Lazne 2023"]
[Site "?"]
[Date "2023.01.20"]
[Round "8.16"]
[White "Garsky, Vladyslav"]
[Black "Holtel, Jasper"]
[Result "1/2-1/2"]
[BlackElo "2357"]
[WhiteElo "2169"]
[LiveChessVersion "1.4.8"]

1. e4 {[%clk 1:30:57]} c5 {[%clk 1:27:13]} 2. Nf3 {[%clk 1:31:05]} d6
{[%clk 1:26:40]} 3. Bb5+ {[%clk 1:30:33]} Nd7 {[%clk 1:26:35]} 4. O-O
{[%clk 1:30:32]} a6 {[%clk 1:27:00]} 5. Bd3 {[%clk 1:30:18]} Ngf6
{[%clk 1:27:21]} 6. Re1 {[%clk 1:28:43]} e6 {[%clk 1:27:19]} 7. c3
{[%clk 1:28:20]} Be7 {[%clk 1:27:43]} 8. Bc2 {[%clk 1:27:33]} b5 {[%clk 1:27:48]}
9. d4 {[%clk 1:27:16]} Bb7 {[%clk 1:28:11]} 10. Nbd2 {[%clk 1:25:19]} Qc7
{[%clk 1:24:18]} 11. Nf1 {[%clk 1:22:25]} O-O {[%clk 1:24:39]} 12. Bf4
{[%clk 1:14:47]} e5 {[%clk 1:08:24]} 13. Bd2 {[%clk 1:10:27]} Rfe8
{[%clk 1:08:23]} 14. d5 {[%clk 1:08:06]} Bf8 {[%clk 1:06:54]} 15. g3
{[%clk 1:04:18]} g6 {[%clk 1:07:02]} 16. Qc1 {[%clk 1:02:38]} Bg7
{[%clk 1:05:41]} 17. Bh6 {[%clk 1:02:29]} c4 {[%clk 0:59:07]} 18. Qg5
{[%clk 0:59:56]} Bxh6 {[%clk 0:42:29]} 19. Qxh6 {[%clk 0:59:58]} Kh8
{[%clk 0:42:55]} 20. Ng5 {[%clk 0:54:06]} Nf8 {[%clk 0:42:52]} 21. Ne3
{[%clk 0:54:00]} Ng8 {[%clk 0:38:59]} 22. Qh4 {[%clk 0:54:00]} h6
{[%clk 0:36:47]} 23. f4 {[%clk 0:49:08]} Qe7 {[%clk 0:36:27]} 24. Nf3
{[%clk 0:48:40]} Qxh4 {[%clk 0:36:25]} 25. Nxh4 {[%clk 0:49:05]} Nd7
{[%clk 0:33:27]} 26. f5 {[%clk 0:48:29]} g5 {[%clk 0:32:12]} 27. Nf3
{[%clk 0:48:53]} Ngf6 {[%clk 0:32:10]} 28. Nd2 {[%clk 0:47:29]} Rec8
{[%clk 0:30:54]} 29. Kf2 {[%clk 0:44:33]} Kg7 {[%clk 0:31:04]} 1/2-1/2

[Event "Marianske Lazne 2023"]
[Site "?"]
[Date "2023.01.20"]
[Round "8.17"]
[White "Nasshan, Dennis"]
[Black "Besou, Hussain"]
[Result "1/2-1/2"]
[BlackElo "2288"]
[WhiteElo "2320"]
[LiveChessVersion "1.4.8"]

1. d4 {[%clk 1:30:57]} Nf6 {[%clk 1:30:51]} 2. c4 {[%clk 1:31:24]} e6
{[%clk 1:31:15]} 3. g3 {[%clk 1:31:24]} d5 {[%clk 1:31:33]} 4. Bg2
{[%clk 1:31:41]} Bb4+ {[%clk 1:31:52]} 5. Bd2 {[%clk 1:30:51]} Be7
{[%clk 1:32:06]} 6. Nf3 {[%clk 1:30:44]} O-O {[%clk 1:32:22]} 7. O-O
{[%clk 1:30:59]} Nbd7 {[%clk 1:32:34]} 8. Qc2 {[%clk 1:29:41]} a5
{[%clk 1:32:36]} 9. Rd1 {[%clk 1:27:13]} dxc4 {[%clk 1:19:17]} 10. Qxc4
{[%clk 1:25:32]} b5 {[%clk 1:01:55]} 11. Qc2 {[%clk 1:20:09]} Bb7
{[%clk 1:01:54]} 12. Bg5 {[%clk 1:20:02]} h6 {[%clk 0:59:43]} 13. Bxf6
{[%clk 1:19:50]} Bxf6 {[%clk 0:56:29]} 14. Ng5 {[%clk 1:17:51]} Bxg5
{[%clk 0:54:32]} 15. Bxb7 {[%clk 1:18:13]} Rb8 {[%clk 0:53:38]} 16. Bg2
{[%clk 1:18:37]} Qc8 {[%clk 0:40:27]} 17. Bh3 {[%clk 1:09:54]} c6
{[%clk 0:34:33]} 18. Nc3 {[%clk 1:09:28]} Qc7 {[%clk 0:34:41]} 19. Ne4
{[%clk 1:05:51]} Be7 {[%clk 0:33:57]} 20. Rac1 {[%clk 1:05:15]} Rbc8
{[%clk 0:27:44]} 21. Rd3 {[%clk 0:52:18]} Qb6 {[%clk 0:22:04]} 22. e3
{[%clk 0:39:57]} b4 {[%clk 0:17:08]} 23. Rdd1 {[%clk 0:37:14]} Qb5
{[%clk 0:13:32]} 24. Bf1 {[%clk 0:30:34]} Qb6 {[%clk 0:13:24]} 25. Bg2
{[%clk 0:29:13]} c5 {[%clk 0:12:56]} 26. d5 {[%clk 0:24:42]} exd5
{[%clk 0:13:12]} 27. Rxd5 {[%clk 0:25:05]} Nf6 {[%clk 0:12:11]} 28. Nxf6+
{[%clk 0:25:30]} Qxf6 {[%clk 0:12:34]} 29. b3 {[%clk 0:24:49]} g6
{[%clk 0:08:40]} 30. Rcd1 {[%clk 0:16:07]} Kg7 {[%clk 0:06:16]} 31. R5d3
{[%clk 0:13:46]} h5 {[%clk 0:05:35]} 32. h4 {[%clk 0:13:41]} Qe6 {[%clk 0:03:53]}
33. Bd5 {[%clk 0:12:11]} Qg4 {[%clk 0:04:18]} 34. Qc4 {[%clk 0:10:27]} Qxc4
{[%clk 0:04:03]} 35. Bxc4 {[%clk 0:10:56]} Rfd8 {[%clk 0:02:39]} 36. Rd7
{[%clk 0:11:09]} Kf8 {[%clk 0:02:53]} 37. Kg2 {[%clk 0:11:00]} Rxd7
{[%clk 0:02:51]} 38. Rxd7 {[%clk 0:11:28]} Ra8 {[%clk 0:02:37]} 39. Bb5
{[%clk 0:08:48]} Rb8 {[%clk 0:02:47]} 40. Ba4 {[%clk 0:07:22]} Rd8
{[%clk 0:02:00]} 41. Kf3 {[%clk 0:19:47]} Rxd7 {[%clk 0:29:00]} 42. Bxd7
{[%clk 0:20:08]} Bf6 {[%clk 0:28:43]} 43. Ke4 {[%clk 0:20:33]} Ke7
{[%clk 0:29:05]} 44. Bb5 {[%clk 0:21:01]} Bc3 {[%clk 0:29:21]} 45. Bc4
{[%clk 0:21:11]} Be1 {[%clk 0:29:14]} 46. Kf3 {[%clk 0:21:32]} f5
{[%clk 0:28:54]} 1/2-1/2

[Event "Marianske Lazne 2023"]
[Site "?"]
[Date "2023.01.20"]
[Round "8.19"]
[White "Mica, Marek"]
[Black "Mannion, Stephen R"]
[Result "1/2-1/2"]
[BlackElo "2224"]
[WhiteElo "2244"]
[LiveChessVersion "1.4.8"]

1. d4 {[%clk 1:29:20]} d5 {[%clk 1:30:55]} 2. c4 {[%clk 1:29:45]} dxc4
{[%clk 1:31:19]} 3. Nf3 {[%clk 1:30:08]} Nf6 {[%clk 1:31:40]} 4. e3
{[%clk 1:30:31]} e6 {[%clk 1:32:02]} 5. Bxc4 {[%clk 1:30:54]} c5 {[%clk 1:32:28]}
6. O-O {[%clk 1:31:12]} a6 {[%clk 1:32:51]} 7. Be2 {[%clk 1:31:25]} Nbd7
{[%clk 1:30:39]} 8. b3 {[%clk 1:31:39]} Be7 {[%clk 1:29:56]} 9. Bb2
{[%clk 1:29:32]} O-O {[%clk 1:28:52]} 10. dxc5 {[%clk 1:28:18]} Bxc5
{[%clk 1:27:28]} 11. Nd4 {[%clk 1:24:54]} Qe7 {[%clk 1:25:16]} 12. Nd2
{[%clk 1:23:48]} Nb6 {[%clk 1:10:43]} 13. Qc2 {[%clk 1:21:02]} Bd7
{[%clk 1:10:57]} 14. Rac1 {[%clk 1:17:19]} Rac8 {[%clk 1:08:41]} 15. Qb1
{[%clk 1:16:33]} Ba3 {[%clk 1:03:36]} 16. Bxa3 {[%clk 1:09:12]} Qxa3
{[%clk 1:03:48]} 17. Bf3 {[%clk 1:08:51]} Rxc1 {[%clk 0:26:27]} 18. Rxc1
{[%clk 1:09:06]} e5 {[%clk 0:26:26]} 19. Ne2 {[%clk 1:07:13]} Bb5
{[%clk 0:13:49]} 20. Ng3 {[%clk 1:04:13]} Bd3 {[%clk 0:08:52]} 21. Qa1
{[%clk 1:04:36]} Qe7 {[%clk 0:08:27]} 22. h3 {[%clk 0:58:25]} g6 {[%clk 0:07:32]}
23. Qb2 {[%clk 0:52:37]} Rd8 {[%clk 0:07:39]} 24. Nge4 {[%clk 0:49:54]} Nxe4
{[%clk 0:06:12]} 25. Bxe4 {[%clk 0:49:25]} Bxe4 {[%clk 0:05:26]} 26. Nxe4
{[%clk 0:49:41]} f5 {[%clk 0:05:21]} 27. Nd2 {[%clk 0:44:21]} e4 {[%clk 0:05:14]}
28. Nf1 {[%clk 0:41:50]} Rc8 {[%clk 0:04:30]} 29. Rxc8+ {[%clk 0:40:12]} Nxc8
{[%clk 0:04:57]} 30. Ng3 {[%clk 0:39:33]} Na7 {[%clk 0:04:54]} 31. Ne2
{[%clk 0:38:36]} Nc6 {[%clk 0:04:53]} 32. Nf4 {[%clk 0:37:37]} Qd6
{[%clk 0:05:09]} 33. h4 {[%clk 0:33:44]} Ne5 {[%clk 0:02:31]} 34. Qc1
{[%clk 0:30:40]} Kf7 {[%clk 0:02:51]} 35. Qc8 {[%clk 0:18:45]} Qd1+
{[%clk 0:02:45]} 36. Kh2 {[%clk 0:19:09]} Ng4+ {[%clk 0:03:03]} 37. Kg3
{[%clk 0:19:22]} Qh1 {[%clk 0:03:28]} 38. Qd7+ {[%clk 0:19:06]} Kg8
{[%clk 0:02:45]} 39. Qd8+ {[%clk 0:19:17]} Kf7 {[%clk 0:02:15]} 40. Qd7+
{[%clk 0:16:20]} Kg8 {[%clk 0:02:15]} 41. Qe8+ {[%clk 0:15:58]} Kg7
{[%clk 0:02:35]} 42. Qe7+ {[%clk 0:16:15]} Kg8 {[%clk 0:02:39]} 43. Qd8+
{[%clk 0:16:33]} Kf7 {[%clk 0:02:44]} 44. Qd7+ {[%clk 0:16:17]} 1/2-1/2

[Event "Marianske Lazne 2023"]
[Site "?"]
[Date "2023.01.20"]
[Round "8.20"]
[White "Kristoferitsch, Daniel"]
[Black "Kantorik, Marian"]
[Result "1/2-1/2"]
[BlackElo "2199"]
[WhiteElo "2295"]
[LiveChessVersion "1.4.8"]

1. d4 {[%clk 1:30:54]} Nf6 {[%clk 1:30:49]} 2. c4 {[%clk 1:31:12]} c5
{[%clk 1:30:57]} 3. d5 {[%clk 1:31:33]} b5 {[%clk 1:31:20]} 4. cxb5
{[%clk 1:31:57]} e6 {[%clk 1:31:43]} 5. Nc3 {[%clk 1:24:20]} exd5
{[%clk 1:31:43]} 6. Nxd5 {[%clk 1:24:19]} Bb7 {[%clk 1:32:07]} 7. Nxf6+
{[%clk 1:21:22]} Qxf6 {[%clk 1:32:22]} 8. Nf3 {[%clk 1:20:32]} Be7
{[%clk 1:30:23]} 9. Qc2 {[%clk 1:09:30]} h6 {[%clk 1:29:46]} 10. Bd2
{[%clk 1:03:15]} d5 {[%clk 1:29:29]} 11. e3 {[%clk 0:59:58]} O-O {[%clk 1:26:32]}
12. Be2 {[%clk 1:00:12]} a6 {[%clk 1:25:59]} 13. Bc3 {[%clk 0:57:49]} Qb6
{[%clk 1:17:09]} 14. bxa6 {[%clk 0:55:29]} Nxa6 {[%clk 1:16:48]} 15. O-O
{[%clk 0:53:57]} Nb4 {[%clk 1:15:58]} 16. Qb1 {[%clk 0:52:14]} Rfd8
{[%clk 1:00:39]} 17. Rd1 {[%clk 0:51:53]} Ba6 {[%clk 1:00:32]} 18. Bxa6
{[%clk 0:51:37]} Rxa6 {[%clk 1:00:56]} 19. Rd2 {[%clk 0:47:12]} Bf6
{[%clk 0:55:44]} 20. Bxf6 {[%clk 0:42:36]} Qxf6 {[%clk 0:56:07]} 21. a3
{[%clk 0:42:02]} Nc6 {[%clk 0:55:12]} 22. Qc2 {[%clk 0:40:39]} Ra5
{[%clk 0:52:16]} 23. Rad1 {[%clk 0:39:06]} Rb5 {[%clk 0:38:37]} 24. h3
{[%clk 0:38:24]} Ne7 {[%clk 0:35:04]} 25. a4 {[%clk 0:35:05]} Ra5
{[%clk 0:33:26]} 26. b3 {[%clk 0:32:56]} Rb8 {[%clk 0:32:02]} 27. Ne1
{[%clk 0:31:06]} Qb6 {[%clk 0:30:49]} 28. Rd3 {[%clk 0:25:17]} Nc6
{[%clk 0:25:36]} 29. Rc3 {[%clk 0:25:37]} d4 {[%clk 0:25:48]} 30. exd4
{[%clk 0:23:37]} Nxd4 {[%clk 0:25:37]} 31. Qd3 {[%clk 0:22:33]} Qe6
{[%clk 0:24:19]} 32. Kf1 {[%clk 0:12:56]} Rxb3 {[%clk 0:23:11]} 33. Rxb3
{[%clk 0:12:58]} Qxb3 {[%clk 0:22:56]} 34. Rb1 {[%clk 0:09:53]} Qxd3+
{[%clk 0:21:48]} 35. Nxd3 {[%clk 0:10:17]} Ne6 {[%clk 0:12:56]} 36. Rc1
{[%clk 0:09:56]} Rxa4 {[%clk 0:08:42]} 37. Nxc5 {[%clk 0:10:16]} Nxc5
{[%clk 0:09:06]} 38. Rxc5 {[%clk 0:10:42]} 1/2-1/2

[Event "Marianske Lazne 2023"]
[Site "?"]
[Date "2023.01.21"]
[Round "9.4"]
[White "Petr, Martin"]
[Black "Rasik, Vitezslav"]
[Result "1/2-1/2"]
[BlackElo "2427"]
[WhiteElo "2508"]
[LiveChessVersion "1.4.8"]

1. e4 {[%clk 1:30:49]} d6 {[%clk 1:30:41]} 2. d4 {[%clk 1:31:07]} g6
{[%clk 1:31:01]} 3. Nf3 {[%clk 1:31:21]} Nf6 {[%clk 1:31:15]} 4. Nc3
{[%clk 1:31:45]} Bg7 {[%clk 1:31:32]} 5. Be2 {[%clk 1:32:06]} O-O
{[%clk 1:31:34]} 6. O-O {[%clk 1:32:29]} a6 {[%clk 1:28:06]} 7. Bf4
{[%clk 1:24:06]} Nc6 {[%clk 1:19:21]} 8. Qd2 {[%clk 1:15:38]} e5 {[%clk 1:03:22]}
9. dxe5 {[%clk 1:13:38]} dxe5 {[%clk 1:03:22]} 10. Qxd8 {[%clk 1:14:00]} Rxd8
{[%clk 1:03:23]} 11. Nxe5 {[%clk 1:12:56]} Nxe4 {[%clk 0:59:05]} 12. Nxc6
{[%clk 1:10:15]} Nxc3 {[%clk 0:59:14]} 13. bxc3 {[%clk 1:06:18]} bxc6
{[%clk 0:59:24]} 14. Bxc7 {[%clk 1:06:42]} Rd7 {[%clk 0:58:20]} 15. Bf4
{[%clk 1:04:04]} Bxc3 {[%clk 0:55:55]} 16. Rab1 {[%clk 1:04:30]} Rd4
{[%clk 0:46:17]} 17. Be3 {[%clk 0:59:04]} Ra4 {[%clk 0:43:50]} 18. Bf3
{[%clk 0:56:27]} Bd7 {[%clk 0:37:11]} 19. Rfd1 {[%clk 0:55:48]} Be8
{[%clk 0:36:47]} 20. Rb3 {[%clk 0:55:10]} Bf6 {[%clk 0:33:47]} 21. a3
{[%clk 0:55:16]} Be7 {[%clk 0:32:34]} 22. Rdd3 {[%clk 0:55:12]} Rc4
{[%clk 0:30:04]} 23. Rdc3 {[%clk 0:53:16]} Rxc3 {[%clk 0:27:02]} 24. Rxc3
{[%clk 0:53:42]} Rb8 {[%clk 0:27:05]} 25. Kf1 {[%clk 0:54:07]} h5
{[%clk 0:20:49]} 26. Bc5 {[%clk 0:47:35]} Bxc5 {[%clk 0:16:58]} 27. Rxc5
{[%clk 0:48:00]} Rb5 {[%clk 0:17:05]} 28. Rxb5 {[%clk 0:45:04]} cxb5
{[%clk 0:17:12]} 29. Ke2 {[%clk 0:44:12]} Kf8 {[%clk 0:17:25]} 30. Kd3
{[%clk 0:42:45]} Ke7 {[%clk 0:17:33]} 31. Kd4 {[%clk 0:39:41]} Kd6
{[%clk 0:17:29]} 32. g3 {[%clk 0:37:26]} f6 {[%clk 0:14:11]} 33. h4
{[%clk 0:36:31]} g5 {[%clk 0:07:52]} 34. Bb7 {[%clk 0:34:26]} a5 {[%clk 0:07:35]}
35. Bf3 {[%clk 0:34:45]} Bf7 {[%clk 0:04:52]} 36. c3 {[%clk 0:34:55]} Be8
{[%clk 0:04:30]} 37. Be2 {[%clk 0:29:05]} gxh4 {[%clk 0:04:34]} 38. gxh4
{[%clk 0:29:28]} Kc6 {[%clk 0:04:49]} 39. f4 {[%clk 0:28:04]} Bg6
{[%clk 0:01:33]} 40. Bf3+ {[%clk 0:26:05]} Kd6 {[%clk 0:01:49]} 41. Bd1
{[%clk 0:26:32]} Bf7 {[%clk 0:23:57]} 42. Be2 {[%clk 0:56:49]} Be8
{[%clk 0:22:22]} 43. Bd3 {[%clk 0:56:54]} Kc6 {[%clk 0:19:31]} 44. Bh7
{[%clk 0:57:12]} Kd6 {[%clk 0:19:25]} 45. Bg8 {[%clk 0:51:50]} Bg6
{[%clk 0:15:07]} 46. Bd5 {[%clk 0:51:48]} Be8 {[%clk 0:15:18]} 47. Be4
{[%clk 0:51:05]} Bf7 {[%clk 0:14:54]} 48. Bd3 {[%clk 0:50:33]} Be8
{[%clk 0:14:46]} 49. Bh7 {[%clk 0:50:43]} Bf7 {[%clk 0:14:00]} 50. Be4
{[%clk 0:50:45]} Be8 {[%clk 0:13:54]} 51. Bd3 {[%clk 0:50:53]} Kc6
{[%clk 0:14:00]} 52. Bh7 {[%clk 0:51:00]} Kd6 {[%clk 0:14:11]} 53. f5
{[%clk 0:51:26]} Bc6 {[%clk 0:13:31]} 54. Bg6 {[%clk 0:51:26]} Bf3
{[%clk 0:13:34]} 55. Be8 {[%clk 0:51:41]} Be2 {[%clk 0:13:21]} 56. Ke3
{[%clk 0:51:53]} Ke7 {[%clk 0:13:07]} 57. Bc6 {[%clk 0:43:40]} Kd6
{[%clk 0:13:10]} 58. Be8 {[%clk 0:42:57]} Ke7 {[%clk 0:13:36]} 59. Bc6
{[%clk 0:41:55]} 1/2-1/2

[Event "Marianske Lazne 2023"]
[Site "?"]
[Date "2023.01.21"]
[Round "9.6"]
[White "Niedbala, Bartlomiej"]
[Black "Lalic, Bogdan"]
[Result "1/2-1/2"]
[BlackElo "2392"]
[WhiteElo "2390"]
[LiveChessVersion "1.4.8"]

1. e4 {[%clk 1:25:57]} e5 {[%clk 1:30:54]} 2. Nf3 {[%clk 1:25:34]} Nc6
{[%clk 1:31:22]} 3. Bb5 {[%clk 1:25:59]} Nf6 {[%clk 1:31:46]} 4. O-O
{[%clk 1:26:05]} Nxe4 5. Re1 {[%clk 1:25:23]} Nd6 {[%clk 1:32:30]} 6. a4
{[%clk 1:25:21]} Be7 {[%clk 1:32:25]} 7. Nc3 {[%clk 1:25:47]} a6 {[%clk 1:29:05]}
8. Bf1 {[%clk 1:25:46]} e4 {[%clk 1:29:22]} 9. Nxe4 {[%clk 1:26:11]} Nxe4
{[%clk 1:29:47]} 10. Rxe4 d5 11. Re1 {[%clk 1:25:15]} O-O {[%clk 1:29:46]} 12. d4
{[%clk 1:25:20]} Bf5 {[%clk 1:29:26]} 13. c3 {[%clk 1:24:57]} Bd6
{[%clk 1:25:46]} 14. a5 {[%clk 1:16:24]} h6 {[%clk 1:21:27]} 15. Ne5
{[%clk 1:03:50]} Nxe5 {[%clk 1:20:58]} 16. dxe5 {[%clk 1:04:17]} Bc5
{[%clk 1:21:18]} 17. b4 {[%clk 0:58:39]} Be7 {[%clk 1:08:09]} 18. Be3
{[%clk 0:54:44]} Rc8 {[%clk 1:08:31]} 19. Bc5 {[%clk 0:50:28]} Bxc5
{[%clk 1:08:52]} 20. bxc5 {[%clk 0:50:57]} c6 {[%clk 1:09:21]} 21. Qd4
{[%clk 0:47:46]} Qc7 {[%clk 1:09:25]} 22. Re3 {[%clk 0:42:09]} Rce8 23. h3
1/2-1/2

[Event "Marianske Lazne 2023"]
[Site "?"]
[Date "2023.01.21"]
[Round "9.8"]
[White "Ricken, Katharina"]
[Black "Pajeken, Jakob Leon"]
[Result "1/2-1/2"]
[BlackElo "2449"]
[WhiteElo "2177"]
[LiveChessVersion "1.4.8"]

1. Nf3 {[%clk 1:30:59]} d5 {[%clk 1:30:37]} 2. d4 {[%clk 1:31:25]} Nf6
{[%clk 1:30:34]} 3. c4 {[%clk 1:31:44]} e6 {[%clk 1:30:45]} 4. g3
{[%clk 1:32:06]} Bb4+ {[%clk 1:31:11]} 5. Bd2 {[%clk 1:32:32]} Bd6
{[%clk 1:31:33]} 6. Bg2 {[%clk 1:32:52]} O-O {[%clk 1:31:21]} 7. O-O
{[%clk 1:33:15]} c6 {[%clk 1:31:20]} 8. Qb3 {[%clk 1:33:29]} Ne4 {[%clk 1:29:28]}
9. Bb4 {[%clk 1:33:38]} Bxb4 {[%clk 1:17:42]} 10. Qxb4 {[%clk 1:34:07]} Nd7
{[%clk 1:17:29]} 11. Nbd2 {[%clk 1:33:40]} f5 {[%clk 1:16:29]} 12. Rfd1
{[%clk 1:32:23]} Qf6 {[%clk 1:16:13]} 13. e3 {[%clk 1:31:52]} g5 {[%clk 1:09:36]}
14. Ne1 {[%clk 1:20:24]} a5 {[%clk 1:02:20]} 15. Qb3 {[%clk 1:20:25]} b6
{[%clk 1:01:15]} 16. Rac1 {[%clk 1:14:59]} Ba6 {[%clk 0:59:04]} 17. Bf1
{[%clk 1:12:52]} Bb7 {[%clk 0:46:45]} 18. Nd3 {[%clk 1:11:12]} Rf7
{[%clk 0:38:52]} 19. cxd5 {[%clk 1:06:59]} exd5 {[%clk 0:38:16]} 20. Nf3
{[%clk 1:06:58]} f4 {[%clk 0:30:08]} 21. exf4 {[%clk 1:05:27]} gxf4
{[%clk 0:30:26]} 22. Nxf4 {[%clk 1:04:46]} Kh8 {[%clk 0:29:53]} 23. Rc2
{[%clk 0:58:56]} Rg8 {[%clk 0:28:28]} 24. Kh1 {[%clk 0:58:20]} Qh6
{[%clk 0:24:51]} 25. Bg2 {[%clk 0:53:06]} Ndf6 {[%clk 0:21:36]} 26. Ne5
{[%clk 0:51:42]} Re7 {[%clk 0:20:17]} 27. Kg1 {[%clk 0:46:43]} c5
{[%clk 0:16:22]} 28. Qxb6 {[%clk 0:43:24]} cxd4 {[%clk 0:16:15]} 29. Qxd4
{[%clk 0:42:30]} Qg7 {[%clk 0:15:14]} 1/2-1/2

[Event "Marianske Lazne 2023"]
[Site "?"]
[Date "2023.01.21"]
[Round "9.9"]
[White "Can, Isik"]
[Black "Finek, Vaclav"]
[Result "1-0"]
[BlackElo "2406"]
[WhiteElo "2488"]
[LiveChessVersion "1.4.8"]

1. e4 {[%clk 1:30:53]} e5 {[%clk 1:30:52]} 2. Nf3 {[%clk 1:31:12]} Nf6
{[%clk 1:31:08]} 3. Nxe5 {[%clk 1:31:31]} d6 {[%clk 1:31:21]} 4. Nf3
{[%clk 1:31:57]} Nxe4 {[%clk 1:31:46]} 5. Nc3 {[%clk 1:32:24]} Nxc3
{[%clk 1:31:56]} 6. dxc3 {[%clk 1:32:50]} Be7 {[%clk 1:32:10]} 7. Be3
{[%clk 1:33:14]} Nc6 {[%clk 1:29:54]} 8. Bd3 {[%clk 1:33:40]} Be6
{[%clk 1:29:52]} 9. Qe2 {[%clk 1:34:06]} Bf6 {[%clk 1:10:46]} 10. O-O-O
{[%clk 1:28:00]} O-O {[%clk 1:06:46]} 11. h4 {[%clk 1:23:26]} Ne7
{[%clk 0:59:51]} 12. Ng5 {[%clk 1:16:05]} Bf5 {[%clk 0:54:59]} 13. g4
{[%clk 1:12:43]} Bxd3 {[%clk 0:53:52]} 14. Qxd3 {[%clk 1:13:09]} g6
{[%clk 0:48:05]} 15. h5 {[%clk 1:11:22]} Bxg5 {[%clk 0:43:43]} 16. Bxg5
{[%clk 1:11:36]} f6 {[%clk 0:34:24]} 17. hxg6 {[%clk 1:09:44]} hxg6
{[%clk 0:30:57]} 18. Qh3 {[%clk 1:06:33]} Kf7 {[%clk 0:29:41]} 19. Qf3
{[%clk 1:06:57]} Nc6 {[%clk 0:25:11]} 20. Rh7+ {[%clk 1:06:02]} Ke8
{[%clk 0:25:19]} 21. Bh6 {[%clk 1:06:20]} Rf7 {[%clk 0:19:36]} 22. Rh8+
{[%clk 1:04:18]} Kd7 {[%clk 0:19:59]} 23. Rxd8+ {[%clk 1:04:45]} Rxd8
{[%clk 0:20:21]} 24. Be3 {[%clk 1:05:09]} Re8 {[%clk 0:20:33]} 25. c4
{[%clk 1:05:00]} b6 {[%clk 0:20:38]} 26. c5 {[%clk 1:05:02]} bxc5
{[%clk 0:21:04]} 27. Bxc5 {[%clk 1:05:28]} Re6 {[%clk 0:20:50]} 28. Qd3
{[%clk 1:05:25]} f5 {[%clk 0:21:06]} 29. Qb3 {[%clk 1:04:14]} Rh7
{[%clk 0:18:29]} 30. gxf5 {[%clk 1:04:21]} gxf5 {[%clk 0:18:54]} 31. Be3
{[%clk 1:03:28]} Rf7 {[%clk 0:19:13]} 32. Bf4 {[%clk 1:03:21]} a5
{[%clk 0:19:30]} 33. c4 {[%clk 1:03:40]} Re4 {[%clk 0:19:04]} 34. c5
{[%clk 1:03:26]} Rf6 {[%clk 0:19:24]} 35. Bxd6 {[%clk 1:03:15]} Kc8
{[%clk 0:19:49]} 36. Qg8+ {[%clk 1:03:33]} Kb7 {[%clk 0:19:54]} 37. Qg7
{[%clk 1:03:58]} Rc4+ {[%clk 0:20:00]} 38. Kb1 {[%clk 1:04:27]} Rxd6
{[%clk 0:19:58]} 39. cxd6 {[%clk 1:04:52]} Nb8 {[%clk 0:20:07]} 40. Rc1
{[%clk 1:05:18]} Rxc1+ {[%clk 0:19:40]} 41. Kxc1 {[%clk 1:05:37]} a4
{[%clk 0:19:23]} 42. Qxc7+ {[%clk 1:05:55]} Ka8 {[%clk 0:19:48]} 43. d7
{[%clk 1:06:18]} Nxd7 {[%clk 0:20:03]} 44. Qxd7 {[%clk 1:06:45]} a3
{[%clk 0:20:24]} 45. b4 {[%clk 1:07:09]} f4 {[%clk 0:20:49]} 46. b5
{[%clk 1:07:37]} f3 {[%clk 0:21:10]} 47. b6 {[%clk 1:08:04]} 1-0

[Event "Marianske Lazne 2023"]
[Site "?"]
[Date "2023.01.21"]
[Round "9.10"]
[White "Krejci, Jan"]
[Black "Sorm, Daniel"]
[Result "1/2-1/2"]
[BlackElo "2302"]
[WhiteElo "2522"]
[LiveChessVersion "1.4.8"]

1. e4 c5 2. Nf3 g6 3. c3 d5 4. exd5 Qxd5 5. d4 Bg7 6. Na3 cxd4 7. Bc4 Qe4+ 8. Be3
Nh6 9. Nb5 O-O 10. cxd4 Nf5 11. Nc7 Nc6 12. Nxa8 Ncxd4 13. Nxd4 Nxd4 14. O-O Bh3
15. gxh3 Nf3+ 16. Kh1 Nd2+ 17. Kg1 Nf3+ 1/2-1/2

[Event "Marianske Lazne 2023"]
[Site "?"]
[Date "2023.01.21"]
[Round "9.13"]
[White "Paszewski, Mateusz"]
[Black "Pourquet, Matthieu"]
[Result "1/2-1/2"]
[BlackElo "2212"]
[WhiteElo "2303"]
[LiveChessVersion "1.4.8"]

1. e4 {[%clk 1:30:58]} c5 {[%clk 1:27:45]} 2. Nf3 {[%clk 1:31:21]} g6
{[%clk 1:28:10]} 3. c3 {[%clk 1:31:44]} d5 {[%clk 1:28:35]} 4. exd5
{[%clk 1:32:08]} Qxd5 {[%clk 1:29:00]} 5. d4 {[%clk 1:32:36]} Bg7
{[%clk 1:29:22]} 6. Na3 {[%clk 1:32:45]} cxd4 {[%clk 1:29:19]} 7. Nb5
{[%clk 1:29:27]} Na6 {[%clk 1:29:05]} 8. Nbxd4 {[%clk 1:29:32]} Nf6
{[%clk 1:28:03]} 9. Bb5+ {[%clk 1:27:26]} Bd7 {[%clk 1:28:12]} 10. Bxa6
{[%clk 1:27:50]} bxa6 {[%clk 1:28:31]} 11. O-O {[%clk 1:28:18]} O-O
{[%clk 1:27:23]} 12. Qe2 {[%clk 1:13:31]} Bc8 {[%clk 0:46:45]} 13. Bf4
{[%clk 1:00:19]} Nh5 {[%clk 0:43:31]} 14. Be5 {[%clk 0:59:35]} f6
{[%clk 0:43:28]} 15. Bg3 {[%clk 0:54:42]} e5 {[%clk 0:42:00]} 16. Nc2
{[%clk 0:55:00]} Bb7 {[%clk 0:38:18]} 17. Rfd1 {[%clk 0:50:43]} Qf7
{[%clk 0:38:05]} 18. Nd2 {[%clk 0:48:54]} Rab8 {[%clk 0:30:26]} 19. Nc4
{[%clk 0:38:34]} Ba8 {[%clk 0:30:01]} 20. Nb4 {[%clk 0:37:04]} Qb7
{[%clk 0:26:38]} 21. Qf1 {[%clk 0:35:38]} Kh8 {[%clk 0:19:34]} 22. Na5
{[%clk 0:25:43]} Qc7 {[%clk 0:17:08]} 23. Nc4 {[%clk 0:25:51]} Qb7
{[%clk 0:14:10]} 24. Na5 {[%clk 0:18:08]} Qc7 {[%clk 0:13:28]} 25. Nc4
{[%clk 0:18:30]} 1/2-1/2